书目信息 |
| 题名: |
海魂国殇
|
|
| 作者: | 肖璞韬 著 | |
| 分册: | ||
| 出版信息: | 北京 中国社会科学出版社 2013.03 |
|
| 页数: | 10,476页 | |
| 开本: | 25cm | |
| 丛书名: | ||
| 单 册: | ||
| 中图分类: | E296.53 | |
| 科图分类: | ||
| 主题词: | 评话--中国--当代 , 海军--中国--民国--史料 , 评话 , 海军 , 军事史--中国 , 战争史--中国 | |
| 电子资源: | ||
| ISBN: | 978-7-5161-2025-5 | |
| 000 | 01054nam0 2200325 450 | |
| 001 | 005924469 | |
| 005 | 20130608104959.65 | |
| 010 | @a978-7-5161-2025-5@dCNY58.00 | |
| 035 | @a(A330000ZJL)012011185813 | |
| 100 | @a20130513d2013 em y0chiy0110 ea | |
| 101 | 0 | @achi |
| 102 | @aCN@b110000 | |
| 105 | @aa z 000zy | |
| 106 | @ar | |
| 200 | 1 | @a海魂国殇@9hai hun guo shang@e民国时期的中国海军@e评话本@f肖璞韬著 |
| 210 | @a北京@c中国社会科学出版社@d2013.03 | |
| 215 | @a10,476页@c图,照片@d25cm | |
| 330 | @a本书描述的就是民国海军从出现到抗战中一度几乎消失的这段历程。作者叙事中有着清晰的“单式风格”,巧妙地把历史性和趣味性在作品中结合起来。 | |
| 333 | @a海军史料研究人员 | |
| 517 | 1 | @a民国时期的中国海军@9min guo shi qi de zhong guohai jun |
| 606 | 0 | @a评话@y中国@z当代 |
| 606 | 0 | @a海军@y中国@z民国@x史料 |
| 606 | 0 | @a评话 |
| 606 | 0 | @a海军 |
| 606 | 0 | @a军事史@x中国 |
| 606 | 0 | @a战争史@x中国 |
| 690 | @aE296.53@v5 | |
| 701 | 0 | @a肖璞韬@9xiao pu tao@f(1988-)@4著 |
| 801 | 0 | @aCN@b人天书店@c20130513 |
| 905 | @dE296.53@e73 | |
| 海魂国殇:民国时期的中国海军:评话本/肖璞韬著.-北京:中国社会科学出版社,2013.03 |
| 10,476页:图,照片;25cm |
| 使用对象:海军史料研究人员 |
| ISBN 978-7-5161-2025-5:CNY58.00 |
| 本书描述的就是民国海军从出现到抗战中一度几乎消失的这段历程。作者叙事中有着清晰的“单式风格”,巧妙地把历史性和趣味性在作品中结合起来。 |
| ● |
| 相关链接 |
|
|
|
|
正题名:海魂国殇
索取号:E296.53/73
 
预约/预借
| 序号 | 登录号 | 条形码 | 馆藏地/架位号 | 状态 | 备注 |
| 1 | 0543437 | 205434378 | 第一样本阅览室/ [索取号:E296.53/73] | 在馆 | |
| 2 | 0543438 | 205434387 | 教育系资料室/ [索取号:E296.53/73] | 在馆 | |
| 3 | 0543439 | 205434396 | 第一借阅区/ [索取号:E296.53/73] | 在馆 | |
| 4 | 0543440 | 205434403 | 第一借阅区/ [索取号:E296.53/73] | 在馆 | |
| 5 | 0543441 | 205434412 | 第一借阅区/ [索取号:E296.53/73] | 在馆 |